Automatic engines: theory and servicing (Record no. 2910)

000 -LEADER
fixed length control field 00340nam a22001217a 4500
008 - FIXED-LENGTH DATA ELEMENTS--GENERAL INFORMATION
fixed length control field 200318b ||||| |||| 00| 0 eng d
100 ## - MAIN ENTRY--PERSONAL NAME
9 (RLIN) 2349
Personal name Halderman, J.D.
245 10 - TITLE STATEMENT
Title Automatic engines: theory and servicing
260 ## - PUBLICATION, DISTRIBUTION, ETC. (IMPRINT)
Place of publication, distribution, etc New Delhi:
Name of publisher, distributor, etc Pearson Education,
Date of publication, distribution, etc c
300 ## - PHYSICAL DESCRIPTION
Extent x
650 #0 - SUBJECT ADDED ENTRY--TOPICAL TERM
Topical term or geographic name as entry element Automatic Control
942 ## - ADDED ENTRY ELEMENTS (KOHA)
Item type Books
Holdings
Withdrawn status Lost status Source of classification or shelving scheme Damaged status Not for loan Permanent location Current location Date acquired Source of acquisition Barcode Date last seen Cost, replacement price Koha item type
          IMU Kolkata IMU Kolkata 2010-05-13 Ross and Marketing Consultants 11089 2020-03-18 475.00 Books
Designed and Maintained by IMU-KC Library, Kolkata Campus © Copyright All Rights Reserved

webs counters

Powered by Koha